Microbiology : A laboratory manual (Record no. 41994)
[ view plain ]
| 000 -LEADER | |
|---|---|
| fixed length control field | 00574nam a2200217Ia 4500 |
| 020 ## - INTERNATIONAL STANDARD BOOK NUMBER | |
| ISBN | 020152628X |
| 082 ## - DEWEY DECIMAL CLASSIFICATION NUMBER | |
| Classification number | 579.082 |
| Item number | CAP |
| 100 ## - MAIN ENTRY--AUTHOR NAME | |
| Personal name | Cappuccino, James G |
| 245 #0 - TITLE STATEMENT | |
| Title | Microbiology : A laboratory manual |
| 250 ## - EDITION STATEMENT | |
| Edition statement | Ed.4 |
| 260 ## - PUBLICATION, DISTRIBUTION, ETC. (IMPRINT) | |
| Place of publication | England |
| Name of publisher | Addison-Wesley |
| Year of publication | 1999 |
| 650 ## - SUBJECT ADDED ENTRY--TOPICAL TERM | |
| Topical Term | Bacterial genetics |
| 650 ## - SUBJECT ADDED ENTRY--TOPICAL TERM | |
| Topical Term | Food microbiology |
| 650 ## - SUBJECT ADDED ENTRY--TOPICAL TERM | |
| Topical Term | Immunology |
| 650 ## - SUBJECT ADDED ENTRY--TOPICAL TERM | |
| Topical Term | Medical microbiology |
| 650 ## - SUBJECT ADDED ENTRY--TOPICAL TERM | |
| Topical Term | Soil microbiology |
| 650 ## - SUBJECT ADDED ENTRY--TOPICAL TERM | |
| Topical Term | Water microbiology |
| 700 ## - ADDED ENTRY--PERSONAL NAME | |
| Personal name | Shermaan, Natalie |
| 942 ## - ADDED ENTRY ELEMENTS (KOHA) | |
| Koha item type | Books |
| Withdrawn status | Lost status | Damaged status | Not for loan | Home library | Current library | Date acquired | Cost, normal purchase price | Full call number | Accession Number | Koha item type |
|---|---|---|---|---|---|---|---|---|---|---|
| RRII Library | RRII Library | 16/12/2021 | 475.00 | 579.082 CAP | 22274 | Books |